| 000 | 01551nam a2200349 i 4500 | ||
|---|---|---|---|
| 001 | ebr10757485 | ||
| 003 | CaPaEBR | ||
| 006 | m o d | ||
| 007 | cr cn||||||||| | ||
| 008 | 130927s2011 enkad o 000 0 eng|d | ||
| 020 | _z9781849282048 | ||
| 020 | _a9781849282055 (e-book) | ||
| 040 |
_aCaPaEBR _beng _erda _epn _cCaPaEBR |
||
| 035 | _a(OCoLC)773176717 | ||
| 050 | 1 | 4 |
_aQA76.6 _b.W75 2011eb |
| 100 | 1 |
_aWright, David, _eauthor. |
|
| 245 | 1 | 0 |
_aSoftware life cycle management standards : _breal-world scenarios and solutions for savings / _cDavid Wright. |
| 264 | 1 |
_aEly, Cambridgeshire, United Kingdom : _bIT Governance Publishing, _c2011. |
|
| 300 |
_a1 online resource (193 pages) : _billustrations (some color) |
||
| 336 |
_atext _2rdacontent |
||
| 337 |
_acomputer _2rdamedia |
||
| 338 |
_aonline resource _2rdacarrier |
||
| 588 | _aDescription based on online resource; title from PDF title page (ebrary, viewed September 27, 2013). | ||
| 590 | _aElectronic reproduction. Palo Alto, Calif. : ebrary, 2013. Available via World Wide Web. Access may be limited to ebrary affiliated libraries. | ||
| 650 | 0 |
_aComputer programming _xManagement. |
|
| 650 | 0 |
_aComputer programming _xManagement _xStandards. |
|
| 650 | 0 |
_aComputer software _xDevelopment _xManagement. |
|
| 650 | 0 |
_aComputer software _xDevelopment _xManagement _xStandards. |
|
| 655 | 0 | _aElectronic books. | |
| 797 | 2 | _aebrary. | |
| 856 | 4 | 0 |
_uhttp://site.ebrary.com/lib/rucke/Doc?id=10757485 _zAn electronic book accessible through the World Wide Web; click to view |
| 999 |
_c118972 _d118972 |
||